A national forest inventory of West Malaysia, 1970-1972

Bibliographic Details
Corporate Author: Food and Agriculture Organization of the United Nations (FAO)
Format: Book
Published: Rome : Food and Agriculture Organization of the United Nations , 1973
Series:FO: DP/MAL/72/009; technical report,v. 5
Subjects:

MARC

LEADER 00000cam a2200000 7i4500
001 0000000455
005 20011204.0
090 0 0 |a 634.92095951   |b FOO 1973 
110 1 0 |a Food and Agriculture Organization of the United Nations (FAO) 
245 1 2 |a A national forest inventory of West Malaysia, 1970-1972   |f Report prepared for the government of Malaysia 
260 0 0 |a Rome :   |b Food and Agriculture Organization of the United Nations ,   |c 1973 
300 |a xii, 259 p. :   |b maps (some col. & fold. in pocket),tables ;   |c 27 cm. 
440 0 0 |a FO: DP/MAL/72/009; technical report,v. 5 
650 0 0 |a Forest surveys   |z Malaysia 
650 0 0 |a Forests and forestry   |x Economic aspects   |z Malaysia 
998 |a JPSM 
999 |a 0000001620   |b Monograph   |c Open Shelf   |e Default branch 
999 |a 0000001711   |b Monograph   |c Reference   |e Default branch